[Event "Canadian op U1600 48th"]
[Site "Toronto"]
[Date "2011.07.16"]
[Round "8"]
[White "Waugh, Jason"]
[Black "Zhong, Joey"]
[Result "0-1"]
[WhiteElo "851"]
[BlackElo "1123"]
[PlyCount "92"]
[EventDate "2011.07.09"]
[EventType "swiss"]
[EventRounds "9"]
[EventCountry "CAN"]
[SourceTitle "EXT 2022"]
[Source "ChessBase"]
[SourceDate "2021.10.06"]
[SourceVersion "1"]
[SourceVersionDate "2021.10.06"]
[SourceQuality "1"]

1. e4 e6 2. d4 d5 3. exd5 exd5 4. Nf3 Nf6 5. Bb5+ c6 6. Ba4 Bd6 7. Nbd2 Nbd7 8. 0-0 0-0 9. c4 dxc4 10. Nxc4 Bc7 11. Bc2 Nb6 12. b3 Nxc4 13. bxc4 Bg4 14. Qd3 Bxf3 15. gxf3 Qd6 16. Re1 Qxh2+ 17. Kf1 Qh3+ 18. Ke2 Rfe8+ 19. Be3 Bf4 20. Kd2 Bxe3+ 21. Rxe3 Rxe3 22. fxe3 Qxf3 23. Rf1 Qh5 24. Rf5 Qg6 25. Qf1 Qh6 26. Qf4 Qxf4 27. Rxf4 Re8 28. e4 g5 29. Rf1 Nxe4+ 30. Bxe4 Rxe4 31. Kd3 Re8 32. Rb1 b6 33. a4 h5 34. d5 cxd5 35. cxd5 h4 36. Kd4 Rd8 37. Ke5 g4 38. d6 g3 39. Kd5 h3 40. Kc6 h2 41. Kc7 g2 42. d7 Rxd7+ 43. Kxd7 g1Q 44. Rxg1+ hxg1Q 45. Kc7 a5 46. Kb7 f5 0-1